000 00374nam a22001457a 4500
999 _c257723
_d257722
003 OSt
005 20190912110946.0
008 190912b xxu||||| |||| 00| 0 eng d
020 _a9780333771280
040 _cN/A
100 _aPaul N. Balchin et al
245 _aUrban Economics:
_bAglobal Perspective.
260 _aNew York
_bPalgrave Macmillan
_c2000
942 _2lcc
_cBK